Statistics for Bon Iver Charting Songs (Billboard Hot Rock)

Click here to take the quiz!

General Stats

  • This quiz has been taken 7 times
    (2 since last reset)
  • The average score is 8 of 20

Answer Stats

AlbumWeeks OnPeakArtist(s)Song% Correct
folklore26 Weeks#2Taylor Swift ft. Bon Iverexile
100%
evermore10 Weeks#10Taylor Swift ft. Bon Iverevermore
100%
i,i8 Weeks#17Bon IverHey, Ma
100%
22, A Million1 Week#40Bon Iver____45_____
50%
i,i2 Weeks#37Bon IverU (Man Like)
50%
i,i1 Week#36Bon IveriMi
50%
22, A Million1 Week#36Bon Iver00000 Million
50%
22, A Million1 Week#35Bon Iver21 M♢♢N WATER
50%
i,i2 Weeks#28Bon IverFaith
50%
i,i1 Week#46Bon IverHolyfields,
50%
22, A Million6 Weeks#18Bon Iver22 (OVER S∞∞N)
50%
22, A Million2 Weeks#23Bon Iver29 #Strafford APTS
50%
22, A Million3 Weeks#25Bon Iver10 d E A T h b R E a s T ⚄ ⚄
0%
22, A Million2 Weeks#24Bon Iver666 ʇ
0%
22, A Million2 Weeks#22Bon Iver8 (circle)
0%
22, A Million2 Weeks#21Bon Iver715 - CRΣΣKS
0%
Non-Album Single1 Week#36Bon IverPDLIF (Please Don't Live in Fear)
0%
22, A Million9 Weeks#11Bon Iver33 "GOD"
0%
i,i1 Week#45Bon IverWe
0%
i,i1 Week#26Bon IverNaeem
0%

Score Distribution

Percentile by Number Answered

Percent of People with Each Score

Your Score History

You have not taken this quiz since the last reset